| 000 | 00382nam a22001577a 4500 | ||
|---|---|---|---|
| 999 |
_c7684 _d7684 |
||
| 003 | GBCCL | ||
| 005 | 20241126110633.0 | ||
| 008 | 180911b ||||| |||| 00| 0 eng d | ||
| 040 | _cgbc | ||
| 082 |
_aVER 225.9 _bPHU |
||
| 100 |
_aPhungzapao, N _97264 |
||
| 245 | _aThukhun thak hunlai leh laibute | ||
| 260 |
_a1992. _bNew Lamka: _cAuthor, |
||
| 300 | _a247p. ; | ||
| 942 |
_2ddc _cBK _01 |
||